000 00411nam a2200157Ia 4500
005 20250423100958.0
008 250422s9999 xx 000 0 und d
020 _a9781847240873
050 _aPN 6122 .S64/
245 0 _aSpeeches that changed the world : the words and stories of the moments that made history
260 _aLondon
260 _bQuercus
260 _c2007
300 _a224 p
942 _cBK
999 _c34922
_d34922